Statistics for Guess the country #2

Click here to take the quiz!

General Stats

  • This quiz has been taken 35 times
  • The average score is 8 of 15

Answer Stats

HintAnswer% Correct
Country with the most volcanosIndonesia
73%
Least densely populated countryMongolia
70%
Country with the most forest areaRussia
70%
Worlds most mountainous country in the worldBhutan
60%
Country with the longest waterwayChina
60%
Most densely populated country in the worldMonaco
60%
Least corrupt country in the worldNew Zealand/Denmark
53%
Country with the best life qualitySwitzerland
53%
Country that produces the most bananasIndia
50%
Country with the best HDI(human development index)Norway
50%
Country with the most landminesEgypt
43%
Most beautiful country in the worldItaly
43%
Country with 99% of land covered in desertLibya
40%
Most corrupted country in the worldSomalia/South Sudan
23%
Country with the most equatorSao Tome and Principe
3%

Score Distribution

Percentile by Number Answered

Percent of People with Each Score

Your Score History

You have not taken this quiz